00867cam a2200205 a 450000100100000000500170001000800410002704000250006808200170009310000470011024501640015726000310032130000280035265000280038065000310040870000380043970000350047795201340051299900150064600000121020200929145516.0841115s1943 sp a 000 1 spa  aDO-SdBNPbspacBNPHU a863.3bV436d1 aVélez de Guevara, Luis,d1579-16449413813aEl diablo cojuelo /cLuis Vélez de Guevara ; edición prologada y anotada por Fernando Gutiérrez ; ilustrada con grabados en madera por Enrique C. Ricart. aBarcelona :bOrbis,c1943. a216 p. :bil. ;c29 cm. 4aNovela española91123 4aLiteratura española96321 aGutiérrez, Fernando,eed.941391 aRicart, Enrique C.,eil.94140 001052758DSaBNPHUbBNPHUcHDd2009-07-03iLF1l0o863.3 V436d | t.1p1210-10r2020-06-25w2020-06-25yLF1ZPréstamo interno c1160d1160